000 00440nam a2200157Ia 4500
008 151213s9999 xx 000 0 und d
100 _aJames C. Vanhorn & Wachowicg
245 _aFundamentals of financial management
_cJames C. Vanhorn & Wachowicg
250 _a11th
260 _aNew Delhi
_bPrentice hall
_c2002
300 _a1360 p.
650 _aFinance
650 _aFinance
700 _aJames C. Vanhorn & Wachowicg
999 _c1100
_d1100